<?xml version="1.0" encoding="UTF-8"?>
<collection xmlns="http://www.loc.gov/MARC21/slim">
 <record>
  <leader>03399nam a2200517 a 4500</leader>
  <controlfield tag="001">1/42804</controlfield>
  <controlfield tag="008">120719s2011    lu de        n001 0 eng  </controlfield>
  <datafield tag="020" ind1=" " ind2=" ">
   <subfield code="a">9789279206047</subfield>
  </datafield>
  <datafield tag="020" ind1=" " ind2=" ">
   <subfield code="a">9789279336072 (v. 6)</subfield>
  </datafield>
  <datafield tag="022" ind1="0" ind2=" ">
   <subfield code="a">1977-2343</subfield>
  </datafield>
  <datafield tag="035" ind1=" " ind2=" ">
   <subfield code="l">45680</subfield>
  </datafield>
  <datafield tag="040" ind1=" " ind2=" ">
   <subfield code="a">GR-PeUP</subfield>
  </datafield>
  <datafield tag="082" ind1="0" ind2="0">
   <subfield code="a">KET 361.61 SOC</subfield>
  </datafield>
  <datafield tag="245" ind1="0" ind2="0">
   <subfield code="a">Social Europe guide.</subfield>
  </datafield>
  <datafield tag="260" ind1=" " ind2=" ">
   <subfield code="a">Luxembourg :</subfield>
   <subfield code="b">Office for Official Publications of the European Communities,</subfield>
   <subfield code="c">2011 - 2014</subfield>
  </datafield>
  <datafield tag="300" ind1=" " ind2=" ">
   <subfield code="a">τ.(76· 105· 81· 108· 78· 112· 92 σ.) :</subfield>
   <subfield code="b">πιν., διαγ. ;</subfield>
   <subfield code="c">21 εκ.</subfield>
  </datafield>
  <datafield tag="505" ind1="0" ind2=" ">
   <subfield code="a">v.1.Employment policy.</subfield>
  </datafield>
  <datafield tag="505" ind1="0" ind2=" ">
   <subfield code="a">v.2.Social Dialogue.</subfield>
  </datafield>
  <datafield tag="505" ind1="0" ind2=" ">
   <subfield code="a">v.3.Demography, active ageing and pensions.</subfield>
  </datafield>
  <datafield tag="505" ind1="0" ind2=" ">
   <subfield code="a">v.4.Social economy and social entrepreneurship.</subfield>
  </datafield>
  <datafield tag="505" ind1="0" ind2=" ">
   <subfield code="a">v.5.Social policies.</subfield>
  </datafield>
  <datafield tag="505" ind1="0" ind2=" ">
   <subfield code="a">v.6.Labor law and working conditions.</subfield>
  </datafield>
  <datafield tag="505" ind1="0" ind2=" ">
   <subfield code="a">v.7.Investing in people : EU funding for employment and social inclusion.</subfield>
  </datafield>
  <datafield tag="650" ind1=" " ind2="4">
   <subfield code="a">Labor</subfield>
   <subfield code="z">Europe</subfield>
   <subfield code="x">Statistics.</subfield>
  </datafield>
  <datafield tag="650" ind1=" " ind2="4">
   <subfield code="a">Employment</subfield>
   <subfield code="z">European Union.</subfield>
  </datafield>
  <datafield tag="650" ind1=" " ind2="4">
   <subfield code="a">Κοινωνική πολιτική</subfield>
   <subfield code="z">Ευρωπαϊκή Ένωση, Χώρες της.</subfield>
  </datafield>
  <datafield tag="650" ind1=" " ind2="4">
   <subfield code="a">Επαγγελματική απασχόληση</subfield>
   <subfield code="z">Ευρωπαϊκή Ένωση, Χώρες της.</subfield>
  </datafield>
  <datafield tag="650" ind1=" " ind2="4">
   <subfield code="a">Δημογραφία</subfield>
   <subfield code="z">Ευρωπαϊκή Ενωση.</subfield>
  </datafield>
  <datafield tag="710" ind1="2" ind2=" ">
   <subfield code="a">European Commission</subfield>
   <subfield code="b">Directorate-General for Employment, Social Affairs and Equal Opportunities.</subfield>
  </datafield>
  <datafield tag="710" ind1="2" ind2=" ">
   <subfield code="a">Υπηρεσία Εκδόσεων της Ευρωπαϊκής Ένωσης.</subfield>
  </datafield>
  <datafield tag="852" ind1=" " ind2=" ">
   <subfield code="a">INST</subfield>
   <subfield code="b">UNIPILB</subfield>
   <subfield code="c">KET</subfield>
   <subfield code="e">20120719</subfield>
   <subfield code="h">KET 361.61 SOC</subfield>
   <subfield code="p">00164825</subfield>
   <subfield code="q">00164825</subfield>
   <subfield code="t">LOAN</subfield>
   <subfield code="y">0</subfield>
   <subfield code="4">1</subfield>
  </datafield>
  <datafield tag="852" ind1=" " ind2=" ">
   <subfield code="a">INST</subfield>
   <subfield code="b">UNIPILB</subfield>
   <subfield code="c">KET</subfield>
   <subfield code="e">20121205</subfield>
   <subfield code="h">KET 361.61 SOC</subfield>
   <subfield code="p">00166497</subfield>
   <subfield code="q">00166497</subfield>
   <subfield code="t">LOAN</subfield>
   <subfield code="y">0</subfield>
   <subfield code="4">1</subfield>
  </datafield>
  <datafield tag="852" ind1=" " ind2=" ">
   <subfield code="a">INST</subfield>
   <subfield code="b">UNIPILB</subfield>
   <subfield code="c">KET</subfield>
   <subfield code="e">20130531</subfield>
   <subfield code="h">KET 361.61 SOC</subfield>
   <subfield code="p">00168843</subfield>
   <subfield code="q">00168843</subfield>
   <subfield code="t">LOAN</subfield>
   <subfield code="y">0</subfield>
   <subfield code="4">1</subfield>
  </datafield>
  <datafield tag="852" ind1=" " ind2=" ">
   <subfield code="a">INST</subfield>
   <subfield code="b">UNIPILB</subfield>
   <subfield code="c">KET</subfield>
   <subfield code="e">20130529</subfield>
   <subfield code="h">KET 361.61 SOC</subfield>
   <subfield code="p">00168882</subfield>
   <subfield code="q">00168882</subfield>
   <subfield code="t">LOAN</subfield>
   <subfield code="y">0</subfield>
   <subfield code="4">1</subfield>
  </datafield>
  <datafield tag="852" ind1=" " ind2=" ">
   <subfield code="a">INST</subfield>
   <subfield code="b">UNIPILB</subfield>
   <subfield code="c">KET</subfield>
   <subfield code="e">20130614</subfield>
   <subfield code="h">KET 361.61 SOC</subfield>
   <subfield code="p">00168883</subfield>
   <subfield code="q">00168883</subfield>
   <subfield code="t">LOAN</subfield>
   <subfield code="y">0</subfield>
   <subfield code="4">1</subfield>
  </datafield>
  <datafield tag="852" ind1=" " ind2=" ">
   <subfield code="a">INST</subfield>
   <subfield code="b">UNIPILB</subfield>
   <subfield code="c">KET</subfield>
   <subfield code="e">20140207</subfield>
   <subfield code="h">KET 361.61 SOC</subfield>
   <subfield code="p">00170294</subfield>
   <subfield code="q">00170294</subfield>
   <subfield code="t">LOAN</subfield>
   <subfield code="y">0</subfield>
   <subfield code="4">1</subfield>
  </datafield>
  <datafield tag="852" ind1=" " ind2=" ">
   <subfield code="a">INST</subfield>
   <subfield code="b">UNIPILB</subfield>
   <subfield code="c">KET</subfield>
   <subfield code="e">20140603</subfield>
   <subfield code="h">KET 361.61 SOC</subfield>
   <subfield code="p">00171249</subfield>
   <subfield code="q">00171249</subfield>
   <subfield code="t">LOAN</subfield>
   <subfield code="y">0</subfield>
   <subfield code="4">1</subfield>
  </datafield>
  <datafield tag="852" ind1=" " ind2=" ">
   <subfield code="a">INST</subfield>
   <subfield code="b">UNIPILB</subfield>
   <subfield code="c">KET</subfield>
   <subfield code="e">20140919</subfield>
   <subfield code="h">KET 361.61 SOC</subfield>
   <subfield code="p">00171996</subfield>
   <subfield code="q">00171996</subfield>
   <subfield code="t">LOAN</subfield>
   <subfield code="y">0</subfield>
   <subfield code="4">1</subfield>
  </datafield>
  <datafield tag="856" ind1="4" ind2="1">
   <subfield code="u">http://www.scribd.com/doc/66607980/Social-Europe-Guide-Volume-I</subfield>
  </datafield>
  <datafield tag="856" ind1="4" ind2="1">
   <subfield code="u">http://www.google.gr/url?sa=t&amp;rct=j&amp;q=&amp;esrc=s&amp;source=web&amp;cd=1&amp;cad=rja&amp;ved=0CC0QFjAA&amp;url=http%3A%2F%2Fec.europa.eu%2Fsocial%2FBlobServlet%3FdocId%3D7384%26langId%3Den&amp;ei=IQa_UIySLOTY4QTSyoCICw&amp;usg=AFQjCNEToYlu8_dl6kCTnlOvRaG3UkUU3w&amp;sig2=wtNAP4lVjkmgWxwBGWtiOA</subfield>
  </datafield>
  <datafield tag="856" ind1="4" ind2="1">
   <subfield code="u">http://www.equitychannel.net/uploads/KEBC12001ENC_002-1.pdf</subfield>
  </datafield>
  <datafield tag="856" ind1="4" ind2="1">
   <subfield code="u">http://bookshop.europa.eu/en/social-europe-guide-pbKEBC11002/</subfield>
  </datafield>
  <datafield tag="856" ind1="4" ind2="1">
   <subfield code="u">https://www.google.gr/search?q=current%20account%20surpluses&amp;bav=on.2,or.r_qf.&amp;biw=1280&amp;bih=885&amp;um=1&amp;ie=UTF-8&amp;hl=el&amp;sa=N&amp;tab=Tw#hl=el&amp;sclient=psy-ab&amp;q=978-92-79-26866-3&amp;oq=978-92-79-26866-3&amp;gs_l=serp.3...7422.14068.0.14310.17.17.0.0.0.0.638.3799.0j13j2j5-2.17.0...0.0...1c.1.15.psy-ab.o7x5vuFp55w&amp;pbx=1&amp;bav=on.2,or.r_qf.&amp;bvm=bv.47244034,d.bGE&amp;fp=9a5a55036899526c&amp;biw=1280&amp;bih=885</subfield>
  </datafield>
  <datafield tag="856" ind1="4" ind2="1">
   <subfield code="u">http://bookshop.europa.eu/el/social-policies-pbKEBC13001/</subfield>
  </datafield>
  <datafield tag="856" ind1="4" ind2="1">
   <subfield code="u">http://bookshop.europa.eu/en/labour-law-and-working-conditions-pbKEBC13002/</subfield>
  </datafield>
  <datafield tag="856" ind1="4" ind2="1">
   <subfield code="u">http://bookshop.europa.eu/el/investing-in-people-pbKEBC14001/</subfield>
  </datafield>
 </record>
</collection>
